Gospel parallels : (Record no. 20820)

MARC details
000 -LEADER
fixed length control field 01554cam a2200373 a 4500
001 - CONTROL NUMBER
control field 616140
003 - CONTROL NUMBER IDENTIFIER
control field OSt
005 - DATE AND TIME OF LATEST TRANSACTION
control field 20251201105332.0
008 - FIXED-LENGTH DATA ELEMENTS--GENERAL INFORMATION
fixed length control field 920821s1992 tnu b 001 0 eng
010 ## - LIBRARY OF CONGRESS CONTROL NUMBER
LC control number 92029948
020 ## - INTERNATIONAL STANDARD BOOK NUMBER
International Standard Book Number 0840774842 :
Terms of availability $15.99
020 ## - INTERNATIONAL STANDARD BOOK NUMBER
International Standard Book Number 9780840774842
035 ## - SYSTEM CONTROL NUMBER
System control number 616140
040 ## - CATALOGING SOURCE
Original cataloging agency DLC
Transcribing agency DLC
Modifying agency DLC
050 00 - LIBRARY OF CONGRESS CALL NUMBER
Classification number BS2560
Item number .T48 1992
082 00 - DEWEY DECIMAL CLASSIFICATION NUMBER
Classification number 226/.1
Edition number 20
130 0# - MAIN ENTRY--UNIFORM TITLE
Uniform title Bible.
Name of part/section of a work Gospels.
Language of a work English.
Version New Revised Standard.
Date of a work 1992.
245 10 - TITLE STATEMENT
Title Gospel parallels :
Remainder of title a comparison of the Synoptic Gospels : with alternative readings from the manuscripts and noncanonical parallels /
Statement of responsibility, etc. edited by Burton H. Throckmorton, Jr.
250 ## - EDITION STATEMENT
Edition statement 5th ed.
260 ## - PUBLICATION, DISTRIBUTION, ETC. (IMPRINT)
Place of publication, distribution, etc. Nashville :
Name of publisher, distributor, etc. T. Nelson,
Date of publication, distribution, etc. c1992.
300 ## - PHYSICAL DESCRIPTION
Extent xl, 212 p. ;
Dimensions 29 cm.
336 ## - CONTENT TYPE
Content type term text
Content type code txt
Source rdacontent
337 ## - MEDIA TYPE
Media type term unmediated
Media type code n
Source rdamedia
338 ## - CARRIER TYPE
Carrier type term volume
Carrier type code nc
Source rdacarrier
500 ## - GENERAL NOTE
General note "Text used is the New Revised Standard Version, 1989. The arrangement follows the Huck-Lietzmann Synopsis, 9th edition, 1936."
504 ## - BIBLIOGRAPHY, ETC. NOTE
Bibliography, etc Includes bibliographical references and index.
630 00 - SUBJECT ADDED ENTRY--UNIFORM TITLE
Uniform title Bible.
Name of part/section of a work Gospels
Form subdivision Harmonies, English.
700 1# - ADDED ENTRY--PERSONAL NAME
Personal name Throckmorton, Burton Hamilton,
Dates associated with a name 1921-
856 42 - ELECTRONIC LOCATION AND ACCESS
Materials specified Publisher description
Uniform Resource Identifier <a href="http://www.loc.gov/catdir/enhancements/fy0609/92029948-d.html">http://www.loc.gov/catdir/enhancements/fy0609/92029948-d.html</a>
906 ## - LOCAL DATA ELEMENT F, LDF (RLIN)
a 7
b cbc
c orignew
d 1
e ocip
f 19
g y-gencatlg
942 ## - ADDED ENTRY ELEMENTS (KOHA)
Source of classification or shelving scheme Library of Congress Classification
Koha item type Reference
Holdings
Withdrawn status Lost status Source of classification or shelving scheme Not for loan Home library Current library Shelving location Date acquired Source of acquisition Inventory number Total Checkouts Full call number Barcode Date last seen Copy number Price effective from Koha item type
    Library of Congress Classification Not For Loan Kabarak, Main Campus Kabarak, Main Campus Reference 01/12/2025 Donation 2025/   BS2560 .T48 1992 C.1 39909 01/12/2025 C.1 01/12/2025 Reference
Designed with assistance from East African Informatics Ltd